01182cam a22003137i 450000100090000000300040000900500170001300800410003001000170007102000180008804000280010605000230013408200210015710000280017824000550020624501550026125000190041626400570043526400110049230000570050333600210056033700250058133800230060649000550062950000930068450000220077765000360079970000330083517718282OSt20210914110131.0130430t20152015maua 001 0 eng  a 2013009728 a9789384323127 aDLCbengcDLCerdadDLC00aQA331.7b.Z55 201500a515.9223bZIL/C1 aZill, Dennis G.,d1940-10aFirst course in complex analysis with applications10aComplex analysis :ba first course with applications /cDennis G. Zill, Loyola Marymount University, Patrick D. Shanahan, Loyola Marymount University. aThird edition. 1aBurlington, MA :bJones & Bartlett Learning,c[2015] 4c©2015 a1 volume (various pagings) :billustrations ;c29 cm atext2rdacontent aunmediated2rdamedia avolume2rdacarrier0 aThe Jones & Barlett learning series in mathematics aRevision of: A first course in complex analysis with applications. -- 2nd ed. -- ©2009. aIncludes indexes. 0aFunctions of complex variables.1 aShanahan, Patrick D.,d1968-